| 000 | 00725nam a2200181 i 4500 | ||
|---|---|---|---|
| 001 | 164158 | ||
| 003 | ES-MaACL | ||
| 005 | 20230906212901.0 | ||
| 008 | 960321s1874 sp |||| | spa d | ||
| 040 |
_aEUS _bspa _cEUS |
||
| 100 | 1 |
_aRuiz de la Peña, Francisco. _9132187 |
|
| 245 | 1 | 4 |
_aLos vasco-navarros ante la España, y ante los otros españoles _b: tres capítulos y un epílogo / _cpor F. R. de la Peña. |
| 260 |
_a[S.l.] : _b[s.n.], _c1874 ( _eLeón : _fImp. de M. G. Redondo) |
||
| 300 |
_a64 p. ; _c22 cm. |
||
| 596 | _aAtribución del pie de imp.: Palau, 282267. | ||
| 597 | _aSignaturizado numéricamente. | ||
| 852 |
_aES-MaACL _jFol-Laf-223 _z-- Sin enc. _z-- Legado M. de la Fuente _q-- Falto de la port. |
||
| 999 |
_c164158 _d164158 |
||